Kľukaté cesty kalendára

Bibliographic Details
Main Author: Porubský, Štefan, 1947- (Author)
Format: Article
Language:Slovak
Subjects:

MARC

LEADER 00000nab a2200000 a 4500
001 vtls000126298
003 SK-MaSNL
005 20260303032535.0
008 111104c1982 xo 0 slo
015 |a SNBRB19rr/mm-uuuuu 
035 |a CL0136403 
040 |a SNKBUCL  |b slo  |c SNKBUCL  |e AACR2 
041 0 |a slo 
044 |a xo  |c SK 
080 |a 529  |2 1981 
100 1 |a Porubský, Štefan,  |d 1947-  |4 aut  |9 206889 
245 1 0 |a Kľukaté cesty kalendára  |c Štefan Porubský 
500 |a /Dokončenie v č. 41, s. 8./ 
650 0 7 |a kalendáre  |2 snkbucl  |9 19075 
655 7 |a články z novín a časopisov  |2 snkbucl  |9 267496 
773 0 |t Smena na nedeľu  |g Roč. 17, č. 40 (1982), s. 8 
850 |a Slovenská národná knižnica v Martine  |a MTA001 
852 |a SNK  |b KIS3GCP 
958 |a RK 
992 |a RBX 
999 |c 1665148  |d 1667078